Those faulty journeys / (Record no. 169293)

MARC details
000 -LEADER
fixed length control field 00545nam a2200181 4500
005 - DATE AND TIME OF LATEST TRANSACTION
control field 20191113172843.0
010 ## - LCCN (DPL NO)
LC control number ENG-126885
020 ## - INTERNATIONAL STANDARD BOOK NUMBER
International Standard Book Number 9788179665008
Terms of availability 150.00
035 ## - SYSTEM CONTROL NUMBER
System control number EN-110417
037 ## - SOURCE OF ACQUISITION
Source of stock number/acquisition DBAD/PUB
082 ## - DEWEY DECIMAL CLASSIFICATION NUMBER
Classification number N
100 ## - MAIN ENTRY--PERSONAL NAME
Personal name Ramprasath
245 ## - TITLE STATEMENT
Title Those faulty journeys /
Statement of responsibility, etc by Ramprasath
260 ## - PUBLICATION, DISTRIBUTION, ETC. (IMPRINT)
Place of publication, distribution, etc Chennai
Name of publisher, distributor, etc Emerald Publishers
Date of publication, distribution, etc 2019
270 ## - ADDRESS
Address 15A, First Floor, Casa Major Road, Egmore, Chennai
City Chennai
Postal code 600008
Telephone number 42146994
Electronic mail address info@emerlandpublishers.com
300 ## - PHYSICAL DESCRIPTION
Extent v;141p.
Dimensions 16cm(pbk)
942 ## - ADDED ENTRY ELEMENTS (KOHA)
Source of classification or shelving scheme Dewey Decimal Classification
Item type English Books
Classification part N
Call number suffix RAM
Holdings
Withdrawn status Lost status Not for loan Collection code Home library Current library Date acquired Source of acquisition Cost, normal purchase price Full call number Barcode Copy number Cost, replacement price Koha item type
      Fiction Central Library Central Library 13/11/2019 DBAD/PUB 150.00 N RAM EN-110417 1 150.00 English Books

© Delhi Public Library
Hit Counter
free hit counter